000 00574nam a22001697a 4500
008 150414b xxu||||| |||| 00| 0 eng d
020 _a902770375
050 _aQC173.59.S65C744
100 _aCapek, M. (ed.)
_917093
245 _aThe concepts of space and time
_btheir structure and their development
_c/by Milic Capek
260 _aBoston
_bReidel
_c1976
300 _aLVII,570p. ;
_c23cm.
440 _aBoston studies in philosophy of science no. 22
_917094
440 _aSynthesis library no.74
_917095
650 _aSpace and time
_92213
942 _2lcc
_cMONOGRAPH
999 _c122632
_d122632